El átomo y sus conquistas (Record no. 95969)

MARC details
000 -LEADER
campo de control de longitud fija 00540nam a2200181 i 4500
001 - NÚMERO DE CONTROL
campo de control 95969
003 - IDENTIFICADOR DE NÚMERO DE CONTROL
campo de control ES-MaACL
005 - FECHA Y HORA DE LA ÚLTIMA TRANSACCIÓN
campo de control 20230906181818.0
007 - CAMPO FIJO DE DESCRIPCIÓN FÍSICA--INFORMACIÓN GENERAL
campo de control de longitud fija t|
008 - DATOS DE LONGITUD FIJA--INFORMACIÓN GENERAL
campo de control de longitud fija 050608s1959 sp ||||1| spa d
100 1# - ENTRADA PRINCIPAL--NOMBRE DE PERSONA
Nombre de persona Machimbarrena, Juan.
9 (RLIN) 75184
245 13 - MENCIÓN DEL TÍTULO
Título El átomo y sus conquistas
Resto del título : (divulgaciones técnicas) /
Mención de responsabilidad, etc. Juan Machimbarrena.
260 ## - PUBLICACIÓN, DISTRIBUCIÓN, ETC.
Lugar de publicación, distribución, etc. Madrid :
Nombre del editor, distribuidor, etc. Dossat,
Fecha de publicación, distribución, etc. 1959.
300 ## - DESCRIPCIÓN FÍSICA
Extensión 270 p., 5 h. :
Otras características físicas il. ;
Dimensiones 22 cm.
650 ## - PUNTO DE ACCESO ADICIONAL DE MATERIA--TÉRMINO DE MATERIA
Término de materia o nombre geográfico como elemento de entrada Átomos.
9 (RLIN) 10411
650 #4 - PUNTO DE ACCESO ADICIONAL DE MATERIA--TÉRMINO DE MATERIA
Término de materia o nombre geográfico como elemento de entrada Energía nuclear.
9 (RLIN) 12254
852 ## - LOCALIZACIÓN
Ubicación ES-MaACL
Número de control de estantería C-15413
Sublocalización o colección R.43107
Holdings
Estatus retirado Estado de pérdida Estado de daño No para préstamo Biblioteca de origen Biblioteca actual Ubicación en estantería Fecha de adquisición Fuente de adquisición Total de préstamos Signatura topográfica completa Código de barras Visto por última vez Precio de reemplazo Tipo de ítem Koha
        Biblioteca del Ateneo de Madrid Biblioteca del Ateneo de Madrid Ficheros 17/01/2008     C-15413 1100204 23/02/2023 23/02/2023 Libro impreso